[Event "IECC CL4-2013.05 email"]
[Site "IECC email"]
[Date "2013.10.23"]
[Round "?"]
[White "Martin, Dennis"]
[Black "Urbonas, Mike"]
[Result "1-0"]
[WhiteElo "1881"]
[BlackElo "1610"]
[PlyCount "73"]
[EventDate "2013.??.??"]
[EventType "tourn (corr)"]
[EventRounds "4"]
[SourceTitle "Corr 2020"]
[Source "ChessBase"]
[SourceDate "2019.09.30"]
[SourceVersion "1"]
[SourceVersionDate "2019.09.30"]
[SourceQuality "1"]
[WhiteTeam "United States"]
[BlackTeam "United States"]
[WhiteTeamCountry "USA"]
[BlackTeamCountry "USA"]

1. e4 e5 2. Nf3 Nc6 3. Bc4 Nf6 4. Ng5 d5 5. exd5 Na5 6. Bb5+ c6 7. dxc6 bxc6 8. Bd3 Nd5 9. h4 Nf4 10. 0-0 Nxd3 11. cxd3 f6 12. Ne4 Qxd3 13. Nbc3 Bd7 14. Qh5+ Kd8 15. b3 Rb8 16. Bb2 Be8 17. Qg4 Bd7 18. Qd1 Nc4 19. Bc1 Nd6 20. Nc5 Qd4 21. Nxd7 Kxd7 22. Qc2 Qxh4 23. Re1 Rb4 24. Ne2 Rg4 25. g3 Qh5 26. d4 exd4 27. Bf4 c5 28. b4 Qd5 29. Qa4+ Qc6 30. Qd1 h5 31. bxc5 Qxc5 32. Nxd4 Rxf4 33. gxf4 Qc4 34. Rc1 Qa6 35. Qb3 Nc8 36. Rxc8 Qxc8 37. Qe6+ 1-0

[Event "IECC CL4-2013.05 email"]
[Site "IECC email"]
[Date "2013.10.23"]
[Round "?"]
[White "Urbonas, Mike"]
[Black "Mariani, Danilo"]
[Result "1/2-1/2"]
[WhiteElo "1574"]
[BlackElo "1510"]
[PlyCount "118"]
[EventDate "2013.??.??"]
[EventType "tourn (corr)"]
[EventRounds "4"]
[SourceTitle "Corr 2020"]
[Source "ChessBase"]
[SourceDate "2019.09.30"]
[SourceVersion "1"]
[SourceVersionDate "2019.09.30"]
[SourceQuality "1"]
[WhiteTeam "United States"]
[BlackTeam "Italy"]
[WhiteTeamCountry "USA"]
[BlackTeamCountry "ITA"]

1. e4 c5 2. Nc3 Nc6 3. f4 g6 4. Nf3 Bg7 5. g3 d6 6. d3 e6 7. Be3 Nge7 8. Bg2 Nd4 9. 0-0 0-0 10. Bf2 Nec6 11. Nxd4 Nxd4 12. Qd2 Rb8 13. Nd1 b6 14. c3 Nc6 15. e5 Ne7 16. Ne3 dxe5 17. fxe5 Bxe5 18. Ng4 Bg7 19. Be3 Nf5 20. Bf4 Bb7 21. Bxb8 Bxg2 22. Qxg2 Qxb8 23. Rfe1 h5 24. Ne3 Ne7 25. Qe4 b5 26. Qh4 Nc6 27. Rf1 Ne5 28. Rad1 Bh6 29. Ng2 Qb7 30. Qe4 Qxe4 31. dxe4 Rb8 32. Nf4 b4 33. c4 Nxc4 34. Rd7 Ne5 35. Rxa7 Rd8 36. Ra5 Bf8 37. a4 Rd2 38. Ra8 Rxb2 39. Nxe6 fxe6 40. Raxf8+ Kg7 41. Re8 c4 42. Rxe6 c3 43. Rxe5 c2 44. Re7+ Kh6 45. Rc7 b3 46. Rf2 Rb1+ 47. Kg2 Rc1 48. Rff7 Rg1+ 49. Kxg1 b2 50. Rh7+ Kg5 51. Rc5+ Kf6 52. Rc6+ Ke5 53. Re7+ Kd4 54. Rd7+ Kxe4 55. Rdc7 b1Q+ 56. Kg2 Qd1 57. Rxc2 Qf3+ 58. Kg1 Qd1+ 59. Kg2 Qf3+ 1/2-1/2

[Event "IECC KO-5067"]
[Site "IECC email"]
[Date "2008.07.29"]
[Round "?"]
[White "Markus, Roland"]
[Black "Urbonas, Mike"]
[Result "1-0"]
[WhiteElo "2259"]
[BlackElo "1680"]
[PlyCount "41"]
[EventDate "2008.??.??"]
[EventType "match (corr)"]
[EventRounds "2"]
[SourceTitle "Corr 2013"]
[Source "ChessBase"]
[SourceDate "2012.11.12"]
[SourceVersion "1"]
[SourceVersionDate "2012.11.12"]
[SourceQuality "1"]
[WhiteTeam "Hungary"]
[BlackTeam "South Africa"]
[WhiteTeamCountry "HUN"]
[BlackTeamCountry "RSA"]

1. e4 e5 2. Nf3 Nc6 3. d4 exd4 4. Nxd4 Bc5 5. Be3 Qf6 6. c3 Nge7 7. Bc4 Ne5 8. Be2 Qg6 9. 0-0 d6 10. f3 0-0 11. Nd2 Bb6 12. Nc4 Nxc4 13. Bxc4 Be6 14. Bd3 f5 15. Qd2 Rae8 16. b3 Bd7 17. Rae1 Kh8 18. Kh1 Qh5 19. exf5 Nxf5 20. Bxf5 Bxf5 21. g4 1-0